000 01107cam a2200325 4500
008 090401t1993 xxu||||| |||| 00| 0 eng d
020 _a086017364X
035 _a(Sirsi) u54010
041 _aeng
050 _a627.17
100 _aKnipe, C.V.
245 _aRising groundwater levels in Birmingham and the engineering implications.
260 _aLondon
_bCIRIA
_c1993
300 _a114p. : ill.,maps ; 30cm
350 _a0
490 _aCIRIA Special Publication
_v92
520 _aExamines the rise in the groundwater in the sandstone aquifer below Birmingham and the engineering and environmental implications. Indicates areas affected and suggests a number of remedies.
650 _aBASEMENTS
650 _aFLOODING
650 _aBUILT ENVIRONMENT-BUILDING ELEMENTS-COMPLETE BUILDING ELEMENTS-FOUNDATIONS
650 _aTUNNELS
650 _aWATER TABLE
690 _aWATER
700 _aLloyd, J.W.
700 _aLerner, David N.
700 _aGreswell, R.
710 _aConstruction Industry Research and Information Association
_94810
942 _n0
948 _c04/03/1997
999 _c93390
_d93390